000 00600nam a22002297a 4500
003 UA-OsUOA
001 42562
007 ta
008 20090223b un ||||| |||| 00| 0 ukr d
100 _aМайданська Софія
090 _a82-1
_bМ14
942 _cBK
040 _aUA-OsUOA
_bukr
_cUA-OsUOA
_dUA-OsUOA
245 _aВвійди і ти у цей собор
300 _a111 с.
955 _a3
041 _aukr
080 _a82-1
260 _aК.
_b"Юні таланти"
_c1993
650 7 _a82 Література. Літературознавство
_2UDC
999 _c441060
_d441060